[Event "41st Olympiad Women 2014"]
[Site "Tromso NOR"]
[Date "2014.08.10"]
[Round "8.4"]
[Board "4"]
[White "Foisor, Sabina-Francesca"]
[Black "Congiu, Mathilde"]
[Result "0-1"]
[WhiteTitle "WGM"]
[BlackTitle "WIM"]
[WhiteElo "2252"]
[BlackElo "2318"]
[WhiteTeam "United States of America"]
[BlackTeam "France"]
[WhiteFideId "1212915"]
[BlackFideId "634581"]
[EventDate "2014.08.02"]

1. d4 Nf6 2. c4 g6 3. Nc3 Bg7 4. e4 d6 5. Nf3 O-O 6. Be2 e5 7. O-O Nc6 8. d5 Ne7
9. b4 Nh5 10. g3 h6 11. Nd2 Nf6 12. c5 Bh3 13. Re1 c6 14. cxd6 Qxd6 15. Nc4 Qd8
16. d6 Nc8 17. b5 cxb5 18. Nxb5 Rb8 19. Ba3 Bd7 20. Nc3 Re8 21. Rb1 Bf8 22. Bf1
b5 23. Qd2 a5 24. Bc5 b4 25. Qc2 Bc6 26. Red1 Nd7 27. Nd5 Nxc5 28. Nc7 Ba4 29.
Qe2 Bxd1 30. Rxd1 Nd7 31. Bh3 Ncb6 32. Nxa5 Qf6 33. Qd2 Rec8 34. Nc6 Rb7 35. Na5
Rbxc7 36. dxc7 Rxc7 37. Qe2 Nc5 38. Nb3 Nba4 39. Qe3 Nc3 40. Re1 Nxb3 41. axb3
Bc5 42. Qd2 Ra7 43. Rf1 Ra2 44. Qd7 Rxf2 45. Qc8+ Kg7 46. Qxc5 Ne2+ 0-1

[Event "41st Olympiad Women 2014"]
[Site "Tromso NOR"]
[Date "2014.08.10"]
[Round "8.5"]
[Board "2"]
[White "Khotenashvili, Bela"]
[Black "Muzychuk, Mariya"]
[Result "1/2-1/2"]
[WhiteTitle "GM"]
[BlackTitle "IM"]
[WhiteElo "2494"]
[BlackElo "2530"]
[WhiteTeam "Georgia"]
[BlackTeam "Ukraine"]
[WhiteFideId "13602640"]
[BlackFideId "14114550"]
[EventDate "2014.08.02"]

1. d4 Nf6 2. c4 g6 3. Nc3 d5 4. Nf3 Bg7 5. Qb3 dxc4 6. Qxc4 a6 7. Bf4 b5 8. Qxc7
Qxc7 9. Bxc7 b4 10. Na4 Nbd7 11. Ba5 Rb8 12. Rc1 O-O 13. e3 Bb7 14. Be2 Nd5 15.
O-O Rfc8 16. Rfd1 Rc6 17. Rc4 Rxc4 18. Bxc4 e6 19. e4 N5f6 20. e5 Nd5 21. Bb3
Rc8 22. h4 h6 23. Kh2 Bf8 24. Nd2 Be7 25. g3 g5 26. h5 f6 27. Nc4 fxe5 28. dxe5
Rf8 29. Kg1 Bc6 30. Re1 Nc5 31. Nxc5 Bxc5 32. Re2 Rf3 33. Kf1 Bb5 34. Ke1 g4 35.
Bd8 Rf8 36. Ba5 Rf3 37. Bd8 Kf8 38. Rc2 Rf5 39. Ne3 Bxe3 40. Bxd5 exd5 41. fxe3
Rf1+ 42. Kd2 Rf2+ 43. Kc1 1/2-1/2

[Event "41st Olympiad Women 2014"]
[Site "Tromso NOR"]
[Date "2014.08.10"]
[Round "8.5"]
[Board "4"]
[White "Melia, Salome"]
[Black "Zhukova, Natalia"]
[Result "0-1"]
[WhiteTitle "IM"]
[BlackTitle "GM"]
[WhiteElo "2475"]
[BlackElo "2468"]
[WhiteTeam "Georgia"]
[BlackTeam "Ukraine"]
[WhiteFideId "13602446"]
[BlackFideId "14101513"]
[EventDate "2014.08.02"]

1. e4 e5 2. Nf3 Nc6 3. Bb5 a6 4. Ba4 Nf6 5. O-O b5 6. Bb3 Bb7 7. d3 Bc5 8. Nc3
h6 9. a4 b4 10. Nd5 d6 11. a5 O-O 12. c3 bxc3 13. bxc3 Rb8 14. h3 Bc8 15. Bc4
Nxd5 16. exd5 Ne7 17. d4 exd4 18. Nxd4 Bb7 19. Nb3 Ba7 20. Re1 Nf5 21. Qf3 Nh4
22. Qg3 Ng6 23. Nd4 Bxd4 24. cxd4 Qf6 25. Qd3 Ne7 26. Qe4 Rfe8 27. Ra3 Bxd5 28.
Bxd5 Nxd5 29. Qxe8+ Rxe8 30. Rxe8+ Kh7 31. Be3 Qg6 32. Ra1 f5 33. f3 Qxe8 0-1

[Event "41st Olympiad Women 2014"]
[Site "Tromso NOR"]
[Date "2014.08.10"]
[Round "8.6"]
[Board "1"]
[White "Rodriguez Rueda, Paula Andrea"]
[Black "Danielian, Elina"]
[Result "0-1"]
[WhiteTitle "WIM"]
[BlackTitle "GM"]
[WhiteElo "2368"]
[BlackElo "2490"]
[WhiteTeam "Colombia"]
[BlackTeam "Armenia"]
[WhiteFideId "4404564"]
[BlackFideId "13300210"]
[EventDate "2014.08.02"]

1. d4 Nf6 2. c4 e6 3. Nc3 Bb4 4. e3 O-O 5. Bd3 d5 6. Nf3 b6 7. O-O Bb7 8. cxd5
exd5 9. Qc2 Nbd7 10. Bd2 a6 11. Rfe1 Re8 12. Rad1 Bd6 13. e4 dxe4 14. Nxe4 Nxe4
15. Bxe4 Bxe4 16. Rxe4 Rxe4 17. Qxe4 Qe8 18. Qh4 Nf8 19. Re1 Qc6 20. Bc3 Re8 21.
Qg5 Rxe1+ 22. Nxe1 h6 23. Qd2 Qd5 24. a3 Ne6 25. Nc2 Nf4 26. Ne3 Qe4 27. Qc2
Qxc2 28. Nxc2 f5 29. g3 Nd5 30. Bd2 Kf7 31. Kf1 Ke6 32. Ke2 b5 33. Kd3 f4 34. g4
Nf6 35. h3 Nh7 36. h4 h5 37. gxh5 Nf6 38. Bb4 Kf5 39. Bxd6 cxd6 40. Nb4 Kg4 41.
Nxa6 Nd5 42. Ke4 Nf6+ 43. Kd3 Kf3 44. Nc7 Kxf2 45. Nxb5 d5 46. Nd6 f3 47. Nf5
Ng4 48. h6 gxh6 49. h5 Kg1 50. Nh4 f2 51. Nf3+ Kg2 52. Nd2 Nh2 0-1

[Event "41st Olympiad Women 2014"]
[Site "Tromso NOR"]
[Date "2014.08.10"]
[Round "8.6"]
[Board "2"]
[White "Mkrtchian, Lilit"]
[Black "Franco Valencia, Beatriz Irene"]
[Result "1-0"]
[WhiteTitle "IM"]
[BlackTitle "WIM"]
[WhiteElo "2453"]
[BlackElo "2210"]
[WhiteTeam "Armenia"]
[BlackTeam "Colombia"]
[WhiteFideId "13300601"]
[BlackFideId "4402618"]
[EventDate "2014.08.02"]

1. c4 e5 2. Nc3 Nc6 3. g3 Nf6 4. Bg2 Bc5 5. e3 d6 6. Nge2 a6 7. O-O O-O 8. h3
Ba7 9. b3 Rb8 10. Bb2 Ne7 11. d4 Ng6 12. Qc2 Bd7 13. a4 Bc6 14. Nd5 Rc8 15. Rfd1
Nxd5 16. cxd5 Bd7 17. dxe5 Nxe5 18. Nd4 Qg5 19. Qe2 Rfe8 20. Qf1 Qh6 21. Re1 c5
22. dxc6 Nxc6 23. Nxc6 Bxc6 24. Rac1 Bc5 25. Rc4 Qe6 26. Bxc6 Rxc6 27. b4 Ba7
28. Rxc6 bxc6 29. Qxa6 Qd7 30. Rc1 c5 31. b5 Rb8 32. Qa5 Bb6 33. Qc3 f6 34. a5
Bd8 35. b6 Qb5 36. Qc4+ Qxc4 37. Rxc4 Kf7 38. e4 Ke6 39. Kf1 Kd7 40. Ke2 Kc6 41.
Kd3 Kb5 42. Bc3 Rb7 43. Bd2 g6 44. Rc1 Kc6 45. Kc4 Rf7 46. Rb1 f5 47. f3 fxe4
48. fxe4 Re7 49. Kd3 Rf7 50. h4 h5 51. Bf4 Rd7 52. Bg5 Bxg5 53. hxg5 Rb7 54. Kc4
Rb8 55. e5 d5+ 56. Kc3 Kb7 57. e6 1-0

[Event "41st Olympiad Women 2014"]
[Site "Tromso NOR"]
[Date "2014.08.10"]
[Round "8.6"]
[Board "3"]
[White "Rivera, Ingris"]
[Black "Galojan, Lilit"]
[Result "1/2-1/2"]
[WhiteTitle "WIM"]
[BlackTitle "IM"]
[WhiteElo "2210"]
[BlackElo "2275"]
[WhiteTeam "Colombia"]
[BlackTeam "Armenia"]
[WhiteFideId "4402472"]
[BlackFideId "13301314"]
[EventDate "2014.08.02"]

1. d4 Nf6 2. c4 e6 3. Nc3 Bb4 4. Qc2 O-O 5. a3 Bxc3+ 6. Qxc3 b6 7. Bg5 Bb7 8.
Nf3 d6 9. e3 Nbd7 10. Be2 a5 11. Qc2 a4 12. O-O Ra5 13. Bh4 Re8 14. Rad1 h6 15.
Nd2 e5 16. Nb1 Be4 17. Bd3 Qa8 18. Bxe4 Qxe4 19. Qxe4 Nxe4 20. f3 Nef6 21. Be1
Raa8 22. Nc3 Kf8 23. Nb5 Rac8 24. Nc3 Ra8 25. Nb5 Rac8 26. Nc3 Ra8 27. Nb5 Rac8
28. Nc3 Ra8 29. Nb5 Rac8 30. Nc3 Ra8 1/2-1/2

[Event "41st Olympiad Women 2014"]
[Site "Tromso NOR"]
[Date "2014.08.10"]
[Round "8.6"]
[Board "4"]
[White "Kursova, Maria"]
[Black "Franco Valencia, Angela"]
[Result "1-0"]
[WhiteTitle "WGM"]
[BlackTitle "WIM"]
[WhiteElo "2313"]
[BlackElo "2186"]
[WhiteTeam "Armenia"]
[BlackTeam "Colombia"]
[WhiteFideId "4129709"]
[BlackFideId "4403070"]
[EventDate "2014.08.02"]

1. d4 Nf6 2. Nf3 c5 3. d5 b5 4. Bg5 d6 5. e4 a6 6. Nbd2 g6 7. a4 b4 8. Bd3 Bg7
9. Nc4 h6 10. Be3 Bg4 11. h3 Bxf3 12. Qxf3 Nfd7 13. O-O Ne5 14. Nxe5 Bxe5 15.
Rab1 Nd7 16. Qe2 Qa5 17. Kh1 Bg7 18. f4 Nf6 19. b3 Nd7 20. Rbe1 O-O 21. Bd2 Ra7
22. Rf3 Qb6 23. Re3 Bd4 24. Rg3 Bg7 25. Rf1 Raa8 26. Bc4 Qb7 27. h4 h5 28. e5
dxe5 29. f5 Nb6 30. fxg6 fxg6 31. Rxf8+ Rxf8 32. Rxg6 Nxc4 33. bxc4 b3 34. Bh6
Rf7 35. Bxg7 Rxg7 36. Rxg7+ Kxg7 37. Qxe5+ Kf8 38. Qh8+ Kf7 39. Qxh5+ Kf8 40.
cxb3 Kg7 41. Qg5+ Kh7 42. Qg3 1-0

[Event "41st Olympiad Women 2014"]
[Site "Tromso NOR"]
[Date "2014.08.10"]
[Round "8.7"]
[Board "1"]
[White "Harika, Dronavalli"]
[Black "Sukandar, Irine Kharisma"]
[Result "1/2-1/2"]
[WhiteTitle "GM"]
[BlackTitle "WGM"]
[WhiteElo "2521"]
[BlackElo "2396"]
[WhiteTeam "India"]
[BlackTeam "Indonesia"]
[WhiteFideId "5015197"]
[BlackFideId "7101937"]
[EventDate "2014.08.02"]

1. Nf3 Nf6 2. g3 d5 3. Bg2 Bf5 4. c4 c6 5. cxd5 cxd5 6. Qb3 Qb6 7. Nc3 e6 8. d3
Nc6 9. O-O Be7 10. Be3 Qxb3 11. axb3 O-O 12. Nd4 Nxd4 13. Bxd4 a6 14. e4 Bg6 15.
exd5 Nxd5 16. Nxd5 exd5 17. Rfe1 Bb4 18. Bc3 Bxc3 19. bxc3 Rac8 20. Bxd5 Rxc3
21. Re7 b5 22. Be4 Rd8 23. Rxa6 f5 24. Bf3 Rcxd3 25. Kg2 f4 26. gxf4 Rf8 27. Be4
Bxe4+ 28. Rxe4 Rxb3 29. Ra7 Rb2 30. Kg3 Rb1 31. Kg2 Rb2 32. Kg3 Rb1 33. Kg2 1/2-1/2

[Event "41st Olympiad Women 2014"]
[Site "Tromso NOR"]
[Date "2014.08.10"]
[Round "8.7"]
[Board "2"]
[White "Aulia, Medina Warda"]
[Black "Tania, Sachdev"]
[Result "1/2-1/2"]
[WhiteTitle "WGM"]
[BlackTitle "IM"]
[WhiteElo "2397"]
[BlackElo "2418"]
[WhiteTeam "Indonesia"]
[BlackTeam "India"]
[WhiteFideId "7101570"]
[BlackFideId "5007844"]
[EventDate "2014.08.02"]

1. e4 e5 2. Bc4 Nc6 3. Nf3 Bc5 4. c3 Nf6 5. d3 a6 6. Bb3 d6 7. O-O O-O 8. Be3
Ba7 9. Nbd2 h6 10. h3 Re8 11. Re1 Be6 12. Bxe6 fxe6 13. Bxa7 Rxa7 14. d4 Nd7 15.
dxe5 Ndxe5 16. Nxe5 Nxe5 17. f4 Nd3 18. Rf1 Rf8 19. Qe2 Nxb2 20. f5 Na4 21. Qc4
Qe8 22. fxe6 Rxf1+ 23. Rxf1 b5 24. Qd5 Nxc3 25. Qb3 Ne2+ 26. Kh1 Nd4 27. Qd5
Nxe6 28. e5 dxe5 29. Re1 Qf7 30. Qxe5 Nf8 31. Qc5 Ra8 32. Re7 Ne6 33. Rxf7 Nxc5
34. Rxc7 Rd8 35. Nf3 Nd3 36. Nh4 Ne5 37. Nf5 Rd7 38. Rc5 Nd3 39. Rc6 Nb4 40.
Rc8+ Kf7 41. a3 Nd5 42. Rc6 Nc7 43. Kh2 a5 44. Nd6+ Ke7 45. Nb7 Ne6 46. Rb6 Nd4
47. Nxa5 Ra7 48. Nc6+ Nxc6 49. Rxc6 Rxa3 50. Rb6 Rb3 51. g4 b4 52. h4 Rb1 53. g5
hxg5 54. hxg5 b3 55. Rb7+ Ke6 56. Rxg7 Kf5 57. Kg2 Kg4 58. g6 Kg5 59. Rg8 Kf6
60. Kh2 Rb2+ 61. Kg3 Kg5 62. Kf3 Rb1 63. Kg2 Kf6 64. Kh2 Rc1 65. Rb8 Rc2+ 66.
Kg3 Rc3+ 67. Kf4 Kxg6 68. Ke4 Kf6 69. Kd4 Rh3 70. Kc4 Ke6 71. Rxb3 1/2-1/2

[Event "41st Olympiad Women 2014"]
[Site "Tromso NOR"]
[Date "2014.08.10"]
[Round "8.7"]
[Board "3"]
[White "Gomes, Mary Ann"]
[Black "Sihite, Chelsie Monica Ignesias"]
[Result "1-0"]
[WhiteTitle "WGM"]
[BlackTitle "WIM"]
[WhiteElo "2352"]
[BlackElo "2206"]
[WhiteTeam "India"]
[BlackTeam "Indonesia"]
[WhiteFideId "5013623"]
[BlackFideId "7101198"]
[EventDate "2014.08.02"]

1. Nf3 Nf6 2. g3 e6 3. Bg2 d5 4. O-O Be7 5. b3 O-O 6. c4 c5 7. e3 Nc6 8. d4 Qc7
9. Qe2 b6 10. Nc3 a6 11. Bb2 Bb7 12. cxd5 exd5 13. Rfd1 Rfd8 14. Rac1 Rac8 15.
Ne5 Qb8 16. f4 Na5 17. Na4 Qa7 18. Bh3 Rc7 19. b4 Nc4 20. Nxc4 dxc4 21. dxc5
Rxd1+ 22. Rxd1 bxc5 23. Nxc5 Qb6 24. Be5 Rxc5 25. bxc5 Qxc5 26. Rb1 Qc6 27. Bg2
Ne4 28. Qb2 Ba8 29. Qb8+ Bf8 30. Rd1 Qc5 31. Bd4 Qc6 32. Bb6 Qa4 33. Rf1 Qc6 34.
Ba5 Qb7 35. Qxb7 Bxb7 36. Rb1 c3 37. Rxb7 c2 38. Rc7 Nc5 39. Bd2 1-0

[Event "41st Olympiad Women 2014"]
[Site "Tromso NOR"]
[Date "2014.08.10"]
[Round "8.7"]
[Board "4"]
[White "Fisabilillah, Ummi"]
[Black "Padmini, Rout"]
[Result "0-1"]
[WhiteTitle "WFM"]
[BlackTitle "WGM"]
[WhiteElo "2029"]
[BlackElo "2318"]
[WhiteTeam "Indonesia"]
[BlackTeam "India"]
[WhiteFideId "7104804"]
[BlackFideId "5029295"]
[EventDate "2014.08.02"]

1. e4 c5 2. Nf3 a6 3. d3 Nc6 4. g3 g6 5. Bg2 Bg7 6. Nbd2 d6 7. O-O e5 8. Nb3
Nge7 9. Be3 O-O 10. Qd2 b6 11. a4 Be6 12. Nc1 d5 13. Ng5 Bc8 14. exd5 Nxd5 15.
Ne4 Nxe3 16. fxe3 Bb7 17. Nb3 f5 18. Nc3 Qd6 19. Rae1 Ra7 20. Bd5+ Kh8 21. Qg2
Nd8 22. Bxb7 Rxb7 23. Qd5 Qc7 24. a5 Nf7 25. axb6 Rxb6 26. Na4 Rd6 27. Qc4 e4
28. d4 Ng5 29. Nd2 Ne6 30. b4 cxd4 31. Qxc7 Nxc7 32. Nc4 Rc6 33. Nc5 Nd5 34. Na5
Rcc8 35. Ne6 Rfe8 36. Nxg7 Kxg7 37. exd4 Rxc2 38. Rb1 Rb8 39. Rf2 Rxf2 40. Kxf2
Rxb4 41. Rd1 g5 42. Nc6 Rb2+ 43. Kg1 f4 44. Re1 e3 45. Ne5 h6 46. Ra1 Rd2 47.
Nf3 Rf2 48. Ne5 Rb2 49. Rxa6 Rb1+ 50. Kg2 e2 0-1

[Event "41st Olympiad Women 2014"]
[Site "Tromso NOR"]
[Date "2014.08.10"]
[Round "8.8"]
[Board "1"]
[White "Ordaz Valdes, Lisandra Teresa"]
[Black "Paehtz, Elisabeth"]
[Result "1/2-1/2"]
[WhiteTitle "WGM"]
[BlackTitle "IM"]
[WhiteElo "2345"]
[BlackElo "2464"]
[WhiteTeam "Cuba"]
[BlackTeam "Germany"]
[WhiteFideId "3506940"]
[BlackFideId "4641833"]
[EventDate "2014.08.02"]

1. d4 e6 2. c4 Bb4+ 3. Bd2 a5 4. g3 d6 5. Nf3 Nc6 6. Bg2 e5 7. O-O exd4 8. Bxb4
axb4 9. Nxd4 Nxd4 10. Qxd4 Nf6 11. Rd1 Qe7 12. Qd2 O-O 13. Qxb4 Qxe2 14. Nc3 Qh5
15. Nd5 Nxd5 16. Rxd5 Qg6 17. a4 Ra6 18. h4 Qf6 19. Re1 b6 20. Qb5 Qd8 21. b3
Ra7 22. Rd3 Be6 23. Qb4 Qf6 24. Bd5 Ra5 25. Qd2 Bxd5 26. Rxd5 Raa8 27. a5 bxa5
28. Rxa5 h6 29. b4 Rfe8 30. Rxe8+ Rxe8 1/2-1/2

[Event "41st Olympiad Women 2014"]
[Site "Tromso NOR"]
[Date "2014.08.10"]
[Round "8.8"]
[Board "2"]
[White "Melamed, Tatjana"]
[Black "Marrero Lopez, Yaniet"]
[Result "1/2-1/2"]
[WhiteTitle "WGM"]
[BlackTitle "WGM"]
[WhiteElo "2364"]
[BlackElo "2324"]
[WhiteTeam "Germany"]
[BlackTeam "Cuba"]
[WhiteFideId "14102145"]
[BlackFideId "3503950"]
[EventDate "2014.08.02"]

1. e4 e5 2. Nf3 Nc6 3. Bb5 a6 4. Ba4 Nf6 5. O-O Be7 6. d3 d6 7. c3 O-O 8. Re1
Nd7 9. d4 Bf6 10. Be3 Nb6 11. Bxc6 bxc6 12. Nbd2 Be6 13. Qc2 Qe7 14. dxe5 dxe5
15. Nb3 a5 16. Nc5 Bg4 17. Nd2 Rfd8 18. h3 Bh5 19. b3 h6 20. Nf1 Bg6 21. Qe2 Qf8
22. Qg4 h5 23. Qg3 Qe7 24. Qf3 h4 25. Qg4 Nd7 26. Na4 Nf8 27. Nd2 Ne6 28. Nc4
Kh7 29. Red1 Rh8 30. Nd2 Kg8 31. Qe2 Bh5 32. f3 Bg5 33. Nf1 Rh6 34. Kh1 Rg6 35.
Nh2 Bxe3 36. Qxe3 Rg3 37. Nf1 Rg6 38. Nh2 Rg3 39. Nf1 Rg5 40. Nh2 Nf4 41. Ng4
Bg6 42. Nc5 Rd8 43. Nd3 Nh5 44. Ndf2 Ng3+ 45. Kg1 Rd6 46. Rd2 f5 47. exf5 Nxf5
48. Qe2 Ng3 49. Qe3 Nf5 50. Qe2 Ng3 51. Qe3 Nf5 1/2-1/2

[Event "41st Olympiad Women 2014"]
[Site "Tromso NOR"]
[Date "2014.08.10"]
[Round "8.8"]
[Board "3"]
[White "Pina Vega, Sulennis"]
[Black "Ohme, Melanie"]
[Result "1/2-1/2"]
[WhiteTitle "WGM"]
[BlackTitle "WGM"]
[WhiteElo "2270"]
[BlackElo "2301"]
[WhiteTeam "Cuba"]
[BlackTeam "Germany"]
[WhiteFideId "3503151"]
[BlackFideId "4690745"]
[EventDate "2014.08.02"]

1. e4 c5 2. Nf3 Nc6 3. Bb5 Nf6 4. Bxc6 dxc6 5. d3 Bg4 6. h3 Bxf3 7. Qxf3 g6 8.
O-O Bg7 9. Nd2 O-O 10. Qe2 e5 11. Nf3 Ne8 12. Be3 Qd6 13. a3 Nc7 14. b4 Ne6 15.
Qd2 cxb4 16. axb4 a6 17. Rab1 Nd4 18. Nxd4 exd4 19. Bf4 Qd7 20. Bg3 Rac8 21. f4
f5 22. e5 c5 23. bxc5 Rxc5 24. Qb4 Rc7 25. Qb6 Rfc8 26. Bf2 Rxc2 27. Qxb7 Qxb7
28. Rxb7 Rd2 29. Rd7 Rxd3 30. Rb1 Bh6 31. g3 Bf8 32. Rxd4 Ra3 33. Rbd1 Be7 34.
Rd7 Kf8 35. R1d2 Rac3 36. Ra7 R3c6 37. Kg2 R8c7 38. Ra8+ Rc8 39. Ra7 R8c7 40.
Ra8+ Rc8 41. Ra7 1/2-1/2

[Event "41st Olympiad Women 2014"]
[Site "Tromso NOR"]
[Date "2014.08.10"]
[Round "8.8"]
[Board "4"]
[White "Hoolt, Sarah"]
[Black "Vigoa Apecheche, Yanira"]
[Result "1-0"]
[WhiteTitle "WGM"]
[BlackTitle "WGM"]
[WhiteElo "2318"]
[BlackElo "2317"]
[WhiteTeam "Germany"]
[BlackTeam "Cuba"]
[WhiteFideId "24606812"]
[BlackFideId "3507041"]
[EventDate "2014.08.02"]

1. e4 c5 2. Nf3 a6 3. c4 e6 4. Nc3 Nc6 5. d4 cxd4 6. Nxd4 Qc7 7. a3 Nf6 8. Be3
d6 9. Be2 Bd7 10. Rc1 Ne5 11. O-O h5 12. f3 Be7 13. b4 b6 14. Qe1 Rc8 15. Qf2
Qb7 16. Nb3 Bd8 17. Nd2 O-O 18. Kh1 b5 19. c5 d5 20. Bd4 Nc6 21. e5 Ne8 22. f4
g6 23. Nf3 Ng7 24. Bd3 Ne7 25. h3 Bc7 26. g4 Rfd8 27. Rg1 Kf8 28. Qh4 Be8 29.
Ng5 Nc6 30. Nh7+ Kg8 31. Nf6+ Kf8 32. Ne2 Rd7 33. gxh5 Nxh5 34. Nxh5 gxh5 35.
Bh7 Ne7 36. Qf6 1-0

[Event "41st Olympiad Women 2014"]
[Site "Tromso NOR"]
[Date "2014.08.10"]
[Round "8.9"]
[Board "1"]
[White "Nguyen, Thi Mai Hung"]
[Black "Pourkashiyan, Atousa"]
[Result "1/2-1/2"]
[WhiteTitle "WIM"]
[BlackTitle "WGM"]
[WhiteElo "2307"]
[BlackElo "2352"]
[WhiteTeam "Vietnam"]
[BlackTeam "Iran"]
[WhiteFideId "12401676"]
[BlackFideId "12502014"]
[EventDate "2014.08.02"]

1. d4 Nf6 2. Nf3 g6 3. Bg5 Bg7 4. Nbd2 d5 5. e3 O-O 6. c3 Nbd7 7. Bd3 Re8 8. O-O
e5 9. e4 exd4 10. cxd4 dxe4 11. Nxe4 h6 12. Qb3 Re6 13. Bh4 Qf8 14. Rfe1 Rb6 15.
Qc2 Nxe4 16. Bxe4 Nf6 17. Bd3 Be6 18. a3 Nd5 19. Bg3 Rc8 20. Be5 Bg4 21. Bxg7
Qxg7 22. Ne5 Be6 23. b4 Rd6 24. Rad1 Nf4 25. Be4 Bd5 26. Nc4 Bxc4 27. Qxc4 c6
28. g3 Ne6 29. d5 Rcd8 30. Bf3 Ng5 31. Bg2 Qf6 32. Qb3 cxd5 33. h4 Ne4 34. Bxe4
dxe4 35. Rxd6 Rxd6 36. Rxe4 h5 37. Kg2 Kg7 38. Rf4 Qe7 39. Qc3+ Kg8 40. Rc4 Rd8
41. Rc7 Qe4+ 42. Qf3 Qxf3+ 1/2-1/2

[Event "41st Olympiad Women 2014"]
[Site "Tromso NOR"]
[Date "2014.08.10"]
[Round "8.9"]
[Board "2"]
[White "Khademalsharieh, Sarasadat"]
[Black "Hoang, Thi Bao Tram"]
[Result "1/2-1/2"]
[WhiteTitle "WGM"]
[BlackTitle "WGM"]
[WhiteElo "2324"]
[BlackElo "2329"]
[WhiteTeam "Iran"]
[BlackTeam "Vietnam"]
[WhiteFideId "12512214"]
[BlackFideId "12401102"]
[EventDate "2014.08.02"]

1. d4 d5 2. c4 c6 3. Nf3 Nf6 4. Qb3 e6 5. Nc3 Be7 6. Bg5 h6 7. Bh4 O-O 8. e3
Nbd7 9. Bd3 b6 10. O-O Bb7 11. cxd5 exd5 12. Rfd1 Re8 13. Rac1 Qb8 14. Bf5 Bd6
15. Qc2 g5 16. Bg3 Bxg3 17. hxg3 Re7 18. b4 Qd6 19. a3 Rae8 20. Nd2 Kg7 21. e4
dxe4 22. Ndxe4 Nxe4 23. Nxe4 Qd5 24. Nc3 Qd6 25. Ne4 Qd5 26. Nc3 Qd6 27. Qd2 Nf6
28. Bb1 Bc8 29. Qd3 Bg4 30. Rf1 Rd8 31. d5 cxd5 32. Nb5 Be2 33. Nxd6 Bxd3 34.
Bxd3 Rxd6 35. Rfd1 Rdd7 36. f3 Rc7 37. Kf2 Kf8 38. Bb5 Kg7 39. Ba4 Kf8 40. Bb3
d4 41. Rxc7 Rxc7 42. Rxd4 Rc3 43. Bc4 Rxa3 44. Rd6 Rc3 45. Be2 Ke7 46. Rd2 a5
47. bxa5 bxa5 48. Ra2 Rc5 49. Ke3 Nd7 50. Kd4 Kd6 51. f4 Nf8 52. Bc4 Ne6+ 53.
Bxe6 fxe6 54. Ra1 Rd5+ 55. Ke4 g4 56. Rb1 h5 57. Rb6+ Ke7 58. Ra6 Kf6 59. Ra8
Rb5 60. Ke3 Rb3+ 61. Kf2 Rb2+ 62. Kg1 Rb5 63. Ra6 Kf5 64. Kf2 Rb2+ 65. Kg1 Ra2
66. Kh2 e5 67. fxe5 Kxe5 68. Rh6 Ra1 69. Re6+ Kd4 70. Rd6+ Kc4 71. Rc6+ Kb5 1/2-1/2

[Event "41st Olympiad Women 2014"]
[Site "Tromso NOR"]
[Date "2014.08.10"]
[Round "8.9"]
[Board "3"]
[White "Luong, Phuong Hanh"]
[Black "Hakimifard, Ghazal"]
[Result "1-0"]
[BlackTitle "WIM"]
[WhiteElo "2171"]
[BlackElo "2232"]
[WhiteTeam "Vietnam"]
[BlackTeam "Iran"]
[WhiteFideId "12401013"]
[BlackFideId "12506540"]
[EventDate "2014.08.02"]

1. e4 c5 2. c3 Nf6 3. e5 Nd5 4. d4 cxd4 5. cxd4 d6 6. Nf3 Nc6 7. Bc4 dxe5 8.
dxe5 Ndb4 9. Qb3 e6 10. O-O Na5 11. Bb5+ Bd7 12. Qa4 Bxb5 13. Qxb5+ Nac6 14. Nc3
a6 15. Qa4 b5 16. Qd1 Qc7 17. Qe2 Rd8 18. Bg5 Be7 19. Ne4 Nxe5 20. Rac1 Nxf3+
21. Qxf3 Qa7 22. Bxe7 Qxe7 23. Qg3 Qf8 24. Rc7 Nd5 25. Ra7 h5 26. Rc1 Rh6 27. h3
Rg6 28. Qe5 f5 29. Rc6 Qb4 30. Rxe6+ Rxe6 31. Qxe6+ Ne7 32. a3 1-0

[Event "41st Olympiad Women 2014"]
[Site "Tromso NOR"]
[Date "2014.08.10"]
[Round "8.9"]
[Board "4"]
[White "Asgarizadeh, Minoo"]
[Black "Pham, Le Thao Nguyen"]
[Result "1/2-1/2"]
[WhiteTitle "WFM"]
[BlackTitle "IM"]
[WhiteElo "2147"]
[BlackElo "2331"]
[WhiteTeam "Iran"]
[BlackTeam "Vietnam"]
[WhiteFideId "12512230"]
[BlackFideId "12401226"]
[EventDate "2014.08.02"]

1. e4 e6 2. d4 d5 3. Nd2 c5 4. exd5 Qxd5 5. Ngf3 cxd4 6. Bc4 Qd8 7. O-O Nc6 8.
Nb3 a6 9. Nbxd4 Nxd4 10. Nxd4 Qc7 11. Qe2 Bd6 12. Kh1 Ne7 13. b3 O-O 14. Bb2 Ng6
15. a4 Bd7 16. Rad1 Rad8 17. Rfe1 Kh8 18. g3 Bb4 19. c3 Bc5 20. Bd3 Bxd4 21.
cxd4 Bc6+ 22. Kg1 Qd6 23. Qc2 Bd5 24. Rc1 Rd7 25. Bc3 Ne7 26. b4 Rc8 27. Qb2
Rdc7 28. b5 axb5 29. axb5 Ng8 30. Bd2 Rxc1 31. Rxc1 Ra8 32. Ra1 Qf8 33. Ra5 Nf6
34. Bb4 Qe8 35. Rxa8 Qxa8 36. Qa3 Qe8 37. Qc1 h6 38. Qc5 Be4 39. Be2 Qd7 40. f3
Bd5 41. Qd6 Qxd6 42. Bxd6 Kg8 43. Kf2 Nd7 44. Ke3 f5 45. g4 Kf7 46. Bd3 g6 1/2-1/2

[Event "41st Olympiad Women 2014"]
[Site "Tromso NOR"]
[Date "2014.08.10"]
[Round "8.10"]
[Board "1"]
[White "Peptan, Corina-Isabela"]
[Black "Mamedjarova, Zeinab"]
[Result "1/2-1/2"]
[WhiteTitle "IM"]
[BlackTitle "WGM"]
[WhiteElo "2422"]
[BlackElo "2229"]
[WhiteTeam "Romania"]
[BlackTeam "Azerbaijan"]
[WhiteFideId "1201930"]
[BlackFideId "13401521"]
[EventDate "2014.08.02"]

1. d4 f5 2. Nf3 Nf6 3. c4 g6 4. g3 Bg7 5. Bg2 O-O 6. Nc3 d6 7. b3 c6 8. Bb2 Qe8
9. d5 Na6 10. O-O e5 11. dxc6 e4 12. cxb7 Bxb7 13. Nd4 Rd8 14. Ba3 Nc5 15. e3 h5
16. Ncb5 Qd7 17. Ne2 Ne8 18. Rb1 Nd3 19. Nf4 Ne5 20. Nd4 Nc7 21. h4 Rfe8 22. Qe2
d5 23. Rfd1 Ba6 24. Qc2 Qf7 25. cxd5 Nxd5 26. Nc6 Rc8 27. Rxd5 Rxc6 28. Rc5 Rec8
29. Rxc6 Rxc6 30. Qd1 Nd3 31. Nxd3 Bxd3 32. Rc1 Ra6 33. Rc8+ Kh7 34. Qc1 Qd7 35.
Bf8 Bxf8 36. Rxf8 Rxa2 37. Rc8 Ra1 38. Qxa1 Qxc8 39. Qxa7+ Kg8 40. Qb6 Qc1+ 41.
Kh2 Kf7 42. Qa7+ Kg8 43. Qa2 Qc3 44. b4+ Kg7 45. Qa7+ 1/2-1/2